Statistics for Countries 2 Borders Away: China

Click here to take the quiz!

General Stats

  • This quiz has been taken 7 times
  • The average score is 16 of 17

Answer Stats

Countries% Correct
Azerbaijan
100%
Belarus
100%
Georgia
100%
Iran
100%
Latvia
100%
Lithuania
100%
Norway
100%
Thailand
100%
Ukraine
100%
Uzbekistan
100%
Cambodia
83%
Estonia
83%
Finland
83%
Poland
83%
South Korea
83%
Bangladesh
67%
Turkmenistan
67%

Score Distribution

Percentile by Number Answered

Percent of People with Each Score

Your Score History

You have not taken this quiz